History Quiz

Random History or Discovery Quiz

Countries Visited by Captain Cook Quiz Stats

 Plays Quiz Updated Jun 4, 2016

Also try: Famous Captains
Challenge
Share
Tweet
Embed
Score 0/42 Timer 06:00
6 Plays Today
Year Country % Correct
Feb. 1778United States
93.3%
April-July 1778United States
93.3%
Aug. 1778-Feb. 1779United States
93.3%
April-Aug. 1770Australia
90.8%
Oct. 1774Australia
90.8%
Jan. 1777Australia
90.8%
Oct. 1769-April 1770New Zealand
86.4%
Feb.-May 1773New Zealand
86.4%
Nov. 1773New Zealand
86.4%
June 1774New Zealand
86.4%
Oct. 1774New Zealand
86.4%
Feb.-April 1777New Zealand
86.4%
April-May 1771United Kingdom
86.4%
Jan. 1775United Kingdom
86.4%
May 1775United Kingdom
86.4%
Aug. 1776Spain
83.3%
April-Aug.1769France
81.1%
August 1773France
81.1%
March-June 1774France
81.1%
Sept. 1774France
81.1%
Dec. 1776France
81.1%
Year Country % Correct
Aug.-Dec. 1777France
81.1%
Nov.-Dec. 1768Brazil
78.6%
Feb. 1778Canada
76.5%
Jan.-Febr. 1769Argentina
75.6%
Dec. 1774-Jan. 1775Argentina
75.6%
Sept. 1768Portugal
75.5%
Aug. 1772Portugal
75.5%
July 1776Portugal
75.5%
March 1771South Africa
74.3%
Oct.-Nov. 1772South Africa
74.3%
March 1775South Africa
74.3%
Oct. 1776South Africa
74.3%
March 1774Chile
72.2%
Sept. 1770-Jan. 1771Indonesia
71.9%
Aug. 1778Russia
61.2%
July 1774Fiji
59.3%
Oct. 1773Tonga
40.1%
June 1774Tonga
40.1%
July 1777Tonga
40.1%
July-Aug. 1774Vanuatu
37.5%
Aug. 1772Cabo Verde
19.7%

You're not logged in!

Compare scores with friends on all Sporcle quizzes.
OR
Log In

You Might Also Like...

Show Comments

Extras

Top Quizzes Today


Score Distribution

Your Account Isn't Verified!

In order to create a playlist on Sporcle, you need to verify the email address you used during registration. Go to your Sporcle Settings to finish the process.

Report this User

Report this user for behavior that violates our Community Guidelines.

Details: